|
|
|
|
| LEADER |
00000nas1a2200000 4500 |
| 001 |
380236 |
| 005 |
20231102013125.0 |
| 035 |
|
|
|a (RuTPU)RU\TPU\prd\1047
|
| 035 |
|
|
|a BOOK00001048
|
| 090 |
|
|
|a 380236
|
| 100 |
|
|
|a 20011210a19509999k y0rusy50 ca
|
| 101 |
0 |
|
|a rus
|
| 102 |
|
|
|a RU
|
| 110 |
|
|
|a afaz|||0uu0
|
| 200 |
1 |
|
|a Электронная техника. Сер. 1 : Электроника СВЧ
|e научно-технический сборник
|f Министерство электронной промышленности СССР
|
| 210 |
|
|
|a Москва
|c ЦНИИ Электроника
|d 1966-1987, 1989-1991
|
| 305 |
|
|
|a Издается с 1950 г.
|
| 326 |
|
|
|a 12 номеров в год
|
| 440 |
|
1 |
|0 (RuTPU)RU\TPU\prd\198
|t Электронная техника. Сер. 1 : СВЧ-техника
|o научно-технический сборник
|f Центральный научно-исследовательский институт "Электроника"
|c Москва
|n ЦНИИ Электроника
|d 1992-1995
|
| 610 |
1 |
|
|a электронная промышленность
|
| 610 |
1 |
|
|a электроника СВЧ
|
| 610 |
1 |
|
|a электронные приборы
|
| 610 |
1 |
|
|a полупроводниковая электроника
|
| 610 |
1 |
|
|a катодная электроника
|
| 610 |
1 |
|
|a измерения
|
| 610 |
1 |
|
|a аппаратура
|
| 675 |
|
|
|a 621.39
|v 3
|
| 712 |
0 |
2 |
|a Министерство электронной промышленности СССР
|2 stltpush
|3 (RuTPU)RU\TPU\col\9667
|9 24740
|
| 801 |
|
0 |
|a RU
|b 63413507
|c 20011210
|g PSBO
|
| 801 |
|
2 |
|a RU
|b 63413507
|c 20171214
|g PSBO
|
| 942 |
|
|
|c CR
|